000 00664nam a2200217 i 4500
001 74321
003 ES-MaACL
005 20230906172104.0
007 t|
008 040917s1974 sp ||||1| spa d
020 _a84-292-8504-0
100 1 _aGonzález Pérez, Jesús.
_958870
245 1 3 _aLa justicia administrativa en España /
_cJesús González Pérez.
260 _a[Madrid] :
_bRevista de Occidente,
_c[1974]
300 _a159 p. ;
_c18 cm.
490 1 _aCuadernos Cívitas
650 0 4 _aProcedimiento contencioso administrativo-
_zEspaña.
_916424
830 1 _aCuadernos Cívitas
_9179683
852 _aES-MaACL
_jE-7364
999 _c74321
_d74321